000 00592cam a22002291 4500
001 7992643
005 20171226082605.0
008 711116s1965 nyuabch b 000 0 eng
010 _a 65013461
035 _a(OCoLC)172197
040 _aDLC
_cODaWU
_dOCoLC
_dDLC
041 _aeng
042 _apremarc
080 _a973.71 GAT
082 _a973.71 GAT
100 1 _a17
101 _aHIS
245 1 0 _aAgriculture and the Civil War,
_cby Paul W. Gates.
504 _aIncludes bibliographical references.
906 _a7
_bcbc
_coclcrpl
_du
_encip
_f19
_gy-gencatlg
942 _2ddc
_cBK
999 _c39419
_d39419